000 00656nam a2200169 4500
001 145340
003 ES-MaACL
005 20230906201218.0
007 t|
008 070214s1923 sp r ||||1| spa d
100 1 _aSoriano Cañas, Federico Rafael.
_9107390
245 1 0 _aMendicidad=abastos
_b: acción municipal en lo referente a estos temas, particularmente en relación al municipio de esta Corte /
_cFederico Rafael Soriano Cañas.
260 _aMadrid :
_b[s. n.],
_c1923 (
_fArtes Gráficas Casa Faure)
300 _a31 p. ;
_c17 cm.
650 4 _aMendicidad-
_zMadrid.
_9141659
852 _aES-MaACL
_j1650-F-6
_z.- Dedicatoria autógrafa del autor
999 _c145340
_d145340